Historical Anagrams II Quiz Stats

 Plays Quiz Updated Nov 9, 2016

Challenge
Share
Tweet
Embed
Score 0/30 Timer 06:00
6 Plays Today
Mixed Word Answer % Correct
Empires beginning with 'M'MONGOL
92.8%
Calendar SystemsLUNAR
91.8%
Empires beginning with 'M'MING DYNASTY
83.9%
Ancient LanguagesLATIN
83.5%
World Leaders in the 1980sJIMMY CARTER
82.6%
US Presidential Middle NamesWILSON
78.6%
World Leaders in the 1980sMARGARET THATCHER
78.5%
World Leaders in the 1980sSADDAM HUSSEIN
78.4%
Ancient LanguagesSANSKRIT
77.3%
Ancient LanguagesARABIC
69.3%
Calendar SystemsGREGORIAN
61.1%
World Leaders in the 1980sHIROHITO
60.3%
US Presidential Middle NamesDELANO
53.5%
European Monarchs of 2016ELIZABETH II
50.3%
Calendar SystemsHEBREW
48.1%
Mixed Word Answer % Correct
US Presidential Middle NamesFITZGERALD
47.6%
Calendar SystemsMAYAN
47.2%
European Monarchs of 2016FELIPE VI
47%
Ancient LanguagesKHMER
44.9%
Empires beginning with 'M'MEXICAN
43.6%
US Presidential Middle NamesHUSSEIN
40.8%
European Monarchs of 2016CARL XVI GUSTAF
38.9%
European Monarchs of 2016WILLEM-ALEXANDER
31.1%
Empires beginning with 'M'MACEDONIAN
30.8%
Empires beginning with 'M'MANCHURIAN
29.6%
European Monarchs of 2016MARGRETHE II
21.2%
US Presidential Middle NamesBIRCHARD
16.8%
Ancient LanguagesMYCENAEAN GREEK
11.9%
Calendar SystemsISLAMIC
10.1%
World Leaders in the 1980sSUHARTO
6.3%

You're not logged in!

Compare scores with friends on all Sporcle quizzes.
OR
Log In

You Might Also Like...

Show Comments

Extras

Top Quizzes Today


Score Distribution

Your Account Isn't Verified!

In order to create a playlist on Sporcle, you need to verify the email address you used during registration. Go to your Sporcle Settings to finish the process.

Report this User

Report this user for behavior that violates our Community Guidelines.

Details: